[Event "Aarhus CC 100 ann op"]
[Site "Aarhus"]
[Date "2003.09.06"]
[Round "6"]
[White "Jensen, Jacob Bjerre"]
[Black "Lauridsen, Jesper Morch"]
[Result "1-0"]
[WhiteElo "2194"]
[BlackElo "2266"]
[PlyCount "61"]
[EventDate "2003.08.??"]
[EventType "swiss"]
[EventRounds "7"]
[EventCountry "DEN"]
[SourceTitle "EXT 2006"]
[Source "ChessBase"]
[SourceDate "2005.11.24"]

1. d4 d5 2. c4 e6 3. Nf3 c5 4. cxd5 exd5 5. g3 Nc6 6. Bg2 Nf6 7. O-O cxd4 8.
Nxd4 Be7 9. Nc3 O-O 10. Bg5 h6 11. Be3 Re8 12. Rc1 Bg4 13. a3 Qd7 14. Nxc6 bxc6
15. Na4 Bh3 16. Qd3 Bxg2 17. Kxg2 Ne4 18. Rfd1 Bf6 19. Bd4 Bxd4 20. Qxd4 Ng5
21. h4 Re4 22. Qc3 Rc4 23. Qd3 Rxa4 24. hxg5 hxg5 25. Rh1 f6 26. Qh7+ Kf7 27.
Qh5+ Ke6 28. Rc3 d4 29. Rc5 Rc4 30. Qg4+ f5 31. Qxf5+ 1-0

[Event "Aarhus CC 100 ann op"]
[Site "Aarhus"]
[Date "2003.09.07"]
[Round "7"]
[White "Lauridsen, Jesper Morch"]
[Black "Petersen, Tom Petri"]
[Result "0-1"]
[WhiteElo "2266"]
[BlackElo "2194"]
[PlyCount "86"]
[EventDate "2003.08.??"]
[EventType "swiss"]
[EventRounds "7"]
[EventCountry "DEN"]
[SourceTitle "EXT 2006"]
[Source "ChessBase"]
[SourceDate "2005.11.24"]

1. d4 Nf6 2. c4 g6 3. Nc3 Bg7 4. e4 d6 5. Be2 O-O 6. Nf3 e5 7. O-O Nc6 8. d5
Ne7 9. Ne1 Nd7 10. Be3 f5 11. f3 f4 12. Bf2 g5 13. b4 Rf6 14. c5 Rh6 15. cxd6
cxd6 16. Nb5 Qe8 17. g4 fxg3 18. Bxg3 Qd8 19. Rc1 Nf8 20. Qc2 Bh3 21. Ng2 Neg6
22. Qc7 Nf4 23. Bxf4 gxf4 24. Qxd8 Rxd8 25. Kh1 Bf6 26. Bd3 a6 27. Na3 Rd7 28.
Rf2 Rg6 29. Bf1 Rdg7 30. Nc4 Bd8 31. a4 b5 32. axb5 axb5 33. Na5 Bb6 34. Ra2 h5
35. Rcc2 h4 36. Bxb5 Bd4 37. Be8 Rg5 38. Nc6 Bb6 39. Nb8 Nh7 40. Bb5 Nf6 41.
Na6 Bd4 42. Nc7 Bxg2+ 43. Rxg2 h3 0-1

[Event "Aarhus CC 100 ann op"]
[Site "Aarhus"]
[Date "2003.08.31"]
[Round "3"]
[White "Lauridsen, Jesper Morch"]
[Black "Matthiesen, Arne"]
[Result "1/2-1/2"]
[WhiteElo "2266"]
[BlackElo "2282"]
[PlyCount "82"]
[EventDate "2003.08.??"]
[EventType "swiss"]
[EventRounds "7"]
[EventCountry "DEN"]
[SourceTitle "EXT 2006"]
[Source "ChessBase"]
[SourceDate "2005.11.24"]

1. e4 g6 2. d4 Bg7 3. Nc3 d6 4. Be3 a6 5. Qd2 b5 6. Nf3 Bb7 7. Bd3 Nd7 8. O-O-O
Nb6 9. Rhe1 b4 10. Ne2 Nf6 11. e5 Nfd5 12. Bh6 Bxh6 13. Qxh6 Kd7 14. Ng5 Qf8
15. Qh3+ e6 16. Qf3 Ke7 17. Nf4 Nxf4 18. exd6+ cxd6 19. Qxb7+ Nd7 20. Qxb4 Nxg2
21. Re4 Qh6 22. f4 Nxf4 23. Qxd6+ Kxd6 24. Nxf7+ Kd5 25. c4+ Kc6 26. Nxh6 Rhf8
27. Bc2 Kd6 28. Ng4 h5 29. Ne5 Nxe5 30. Rxe5 Rf6 31. c5+ Kc7 32. Rde1 Rd8 33.
R5e4 g5 34. Kd2 g4 35. Bb3 e5 36. Rxe5 Rxd4+ 37. Kc3 Rd3+ 38. Kc2 Rh3 39. Ba4
Rxh2+ 40. Kc3 Ng6 41. Re7+ Nxe7 1/2-1/2

[Event "Aarhus CC 100 ann op"]
[Site "Aarhus"]
[Date "2003.08.29"]
[Round "1"]
[White "Lauridsen, Jesper Morch"]
[Black "Poulsen, Iver"]
[Result "1/2-1/2"]
[WhiteElo "2266"]
[BlackElo "2084"]
[PlyCount "43"]
[EventDate "2003.08.??"]
[EventType "swiss"]
[EventRounds "7"]
[EventCountry "DEN"]
[SourceTitle "EXT 2006"]
[Source "ChessBase"]
[SourceDate "2005.11.24"]

1. e4 c5 2. Nf3 Nc6 3. d4 cxd4 4. Nxd4 Nf6 5. Nc3 e6 6. Be3 Bb4 7. Bd3 d5 8.
Nxc6 bxc6 9. e5 Nd7 10. Qg4 Bf8 11. f4 Rb8 12. Nd1 Qa5+ 13. Kf2 Ba6 14. Bxa6
Qxa6 15. Rf1 Qa4 16. Qe2 Bc5 17. Bxc5 Nxc5 18. Kg1 Ne4 19. b3 Qd4+ 20. Nf2 O-O
21. Kh1 Nc3 22. Qd3 1/2-1/2

[Event "Aarhus CC 100 ann op"]
[Site "Aarhus"]
[Date "2003.08.31"]
[Round "3"]
[White "Lindfeldt, Jan Magnus"]
[Black "Hermansson, Emil"]
[Result "1/2-1/2"]
[WhiteElo "2252"]
[BlackElo "2386"]
[PlyCount "120"]
[EventDate "2003.08.??"]
[EventType "swiss"]
[EventRounds "7"]
[EventCountry "DEN"]
[SourceTitle "EXT 2006"]
[Source "ChessBase"]
[SourceDate "2005.11.24"]

1. e4 c6 2. d4 d5 3. Nc3 dxe4 4. Nxe4 Bf5 5. Ng3 Bg6 6. h4 h6 7. Nf3 Nf6 8. Ne5
Bh7 9. Bd3 Bxd3 10. Qxd3 e6 11. Bf4 Qa5+ 12. Bd2 Qc7 13. O-O-O Nbd7 14. Rhe1
Be7 15. Qe2 O-O 16. Nf5 exf5 17. Nxd7 Qxd7 18. Qxe7 Qd5 19. Qa3 Qxg2 20. Bxh6
Qxf2 21. Bg5 Ne4 22. Rf1 Qg3 23. Rf3 Qg4 24. Rf4 Qh5 25. Rxf5 Rae8 26. Rg1 f6
27. Qb3+ Kh8 28. Rgf1 Qg4 29. Qf3 Qxf3 30. R5xf3 Kg8 31. Bf4 Kf7 32. Be5 Rh8
33. Rf4 Ng3 34. R1f2 Rh5 35. Kd2 Kg8 36. Bxf6 Ne4+ 37. Rxe4 Rxe4 38. Rg2 Rh7
39. Kd3 Re1 40. a4 Kf7 41. Bg5 Rh8 42. Rf2+ Kg6 43. Rg2 Ra1 44. b3 Rd1+ 45. Kc4
Re8 46. Bf4+ Kh7 47. Be5 Re7 48. Kc5 Rd7 49. c4 Rc1 50. a5 Rc3 51. a6 Rxb3 52.
axb7 Rdxb7 53. Kxc6 R3b6+ 54. Kc5 Re7 55. Kd5 Rd7+ 56. Ke4 Rh6 57. Rg4 Rc6 58.
c5 a5 59. Bd6 Rcxd6 60. cxd6 Rxd6 1/2-1/2

[Event "Aarhus CC 100 ann op"]
[Site "Aarhus"]
[Date "2003.08.29"]
[Round "1"]
[White "Lindfeldt, Jan Magnus"]
[Black "Fries Nielsen, Jens Ove"]
[Result "1/2-1/2"]
[WhiteElo "2252"]
[BlackElo "2453"]
[PlyCount "34"]
[EventDate "2003.08.??"]
[EventType "swiss"]
[EventRounds "7"]
[EventCountry "DEN"]
[SourceTitle "EXT 2006"]
[Source "ChessBase"]
[SourceDate "2005.11.24"]

1. e4 Nf6 2. e5 Nd5 3. d4 d6 4. Nf3 c6 5. c4 Nc7 6. exd6 exd6 7. d5 cxd5 8.
cxd5 Be7 9. Nc3 Bg4 10. Be2 Bxf3 11. Bxf3 O-O 12. O-O Nd7 13. g3 Nb6 14. Bg2
Bg5 15. Qb3 Rb8 16. f4 Bf6 17. Be3 Bxc3 1/2-1/2

[Event "Aarhus CC 100 ann op"]
[Site "Aarhus"]
[Date "2003.09.05"]
[Round "5"]
[White "Lindfeldt, Jan Magnus"]
[Black "Jensen, Jacob Bjerre"]
[Result "1/2-1/2"]
[WhiteElo "2252"]
[BlackElo "2194"]
[PlyCount "55"]
[EventDate "2003.08.??"]
[EventType "swiss"]
[EventRounds "7"]
[EventCountry "DEN"]
[SourceTitle "EXT 2006"]
[Source "ChessBase"]
[SourceDate "2005.11.24"]

1. e4 c6 2. d4 d5 3. Nc3 dxe4 4. Nxe4 Nd7 5. Bc4 Ngf6 6. Ng5 e6 7. Qe2 Nb6 8.
Bb3 h6 9. N5f3 a5 10. a3 a4 11. Ba2 c5 12. Be3 Qc7 13. Ne5 Bd6 14. Ngf3 Nbd7
15. Nxf7 Kxf7 16. Bxe6+ Kxe6 17. Bxh6+ Kd5 18. dxc5 Qa5+ 19. Bd2 Qxc5 20. Bb4
Re8 21. O-O-O+ Kc6 22. Qd3 Bf4+ 23. Kb1 Ne5 24. Nd4+ Kc7 25. Nb5+ Kc6 26. Nd4+
Kc7 27. Nb5+ Kc6 28. Nd4+ 1/2-1/2

[Event "Aarhus CC 100 ann op"]
[Site "Aarhus"]
[Date "2003.09.04"]
[Round "4"]
[White "Matthiesen, Arne"]
[Black "Nielsen, Anders Bodholt"]
[Result "1-0"]
[WhiteElo "2282"]
[BlackElo "2186"]
[PlyCount "67"]
[EventDate "2003.08.??"]
[EventType "swiss"]
[EventRounds "7"]
[EventCountry "DEN"]
[SourceTitle "EXT 2006"]
[Source "ChessBase"]
[SourceDate "2005.11.24"]

1. d4 d5 2. c4 e6 3. Nc3 Nf6 4. cxd5 exd5 5. Bg5 Be7 6. e3 O-O 7. Bd3 Nbd7 8.
Qc2 h6 9. Bf4 c6 10. h3 Re8 11. Nf3 Nf8 12. O-O Be6 13. Rab1 Rc8 14. b4 a5 15.
bxa5 Qxa5 16. Rxb7 c5 17. Rb5 Qa7 18. dxc5 Bd7 19. Rb3 Rxc5 20. Qb2 Rec8 21.
Be5 Ra5 22. Bd4 Qa8 23. Rb1 Ne4 24. Bxg7 Nxc3 25. Rxc3 Rxa2 26. Rxc8 Bxc8 27.
Qe5 Bd6 28. Qxd6 Kxg7 29. Rb8 Qa3 30. Qg3+ Ng6 31. Bxg6 Qc1+ 32. Kh2 fxg6 33.
Qe5+ Kh7 34. Qe7+ 1-0

[Event "Aarhus CC 100 ann op"]
[Site "Aarhus"]
[Date "2003.09.06"]
[Round "6"]
[White "Matthiesen, Arne"]
[Black "Rendboe, John Filip"]
[Result "1-0"]
[WhiteElo "2282"]
[BlackElo "2239"]
[PlyCount "47"]
[EventDate "2003.08.??"]
[EventType "swiss"]
[EventRounds "7"]
[EventCountry "DEN"]
[SourceTitle "EXT 2006"]
[Source "ChessBase"]
[SourceDate "2005.11.24"]

1. d4 Nf6 2. Nf3 d5 3. c4 e6 4. Nc3 Be7 5. Bf4 O-O 6. Qc2 c5 7. dxc5 Bxc5 8.
O-O-O Qa5 9. e3 Nc6 10. a3 Be7 11. g4 dxc4 12. Bxc4 e5 13. g5 exf4 14. gxf6
Bxf6 15. Nd5 Bd8 16. Rhg1 Be6 17. Ng5 Bxg5 18. Rxg5 Bxd5 19. Rdxd5 Qc7 20. Qc3
g6 21. h4 Ne7 22. Rc5 Qd6 23. h5 Rac8 24. h6 1-0

[Event "Aarhus CC 100 ann op"]
[Site "Aarhus"]
[Date "2003.09.05"]
[Round "5"]
[White "Matthiesen, Martin"]
[Black "Stovring, Claus"]
[Result "1-0"]
[WhiteElo "2260"]
[BlackElo "2068"]
[PlyCount "117"]
[EventDate "2003.08.??"]
[EventType "swiss"]
[EventRounds "7"]
[EventCountry "DEN"]
[SourceTitle "EXT 2006"]
[Source "ChessBase"]
[SourceDate "2005.11.24"]

1. e4 e5 2. Nf3 Nf6 3. Nxe5 d6 4. Nf3 Nxe4 5. d4 d5 6. Bd3 Nc6 7. O-O Be7 8. c4
Nb4 9. Be2 Bf5 10. Nc3 O-O 11. a3 Nxc3 12. bxc3 Nc6 13. Re1 Bf6 14. Bf4 dxc4
15. Bxc4 Na5 16. Ba2 c5 17. Ne5 cxd4 18. cxd4 Nc6 19. Nxc6 bxc6 20. Be5 Re8 21.
Qf3 Be6 22. Bxf6 Qxf6 23. Qxc6 Qxd4 24. Bxe6 fxe6 25. Rad1 Qf6 26. Rd6 Rac8 27.
Qe4 Rcd8 28. Ra6 Re7 29. g3 Rde8 30. Qc4 Rf8 31. Re2 Rfe8 32. Re4 Qf5 33. Qe2
Qd5 34. Re5 Qb3 35. h4 h6 36. Rea5 Rc7 37. Rxa7 Rc1+ 38. Kg2 Rf8 39. Rb5 Qc3
40. Rbb7 Qc6+ 41. f3 Qxf3+ 42. Qxf3 Rc2+ 43. Kh3 Rxf3 44. Rxg7+ Kf8 45. Rh7 Kg8
46. Rxh6 Rcc3 47. Rg6+ Kh8 48. Re7 Rxa3 49. Rexe6 Rfb3 50. h5 Kh7 51. Rh6+ Kg7
52. Reg6+ Kf7 53. Rh7+ Kf8 54. Rc7 Rb5 55. h6 Rh5+ 56. Kg4 Rh1 57. h7 Ra4+ 58.
Kf3 Ra3+ 59. Kg2 1-0

[Event "Aarhus CC 100 ann op"]
[Site "Aarhus"]
[Date "2003.08.29"]
[Round "1"]
[White "Matthiesen, Martin"]
[Black "Rossen, Claus"]
[Result "1/2-1/2"]
[WhiteElo "2260"]
[BlackElo "2202"]
[PlyCount "43"]
[EventDate "2003.08.??"]
[EventType "swiss"]
[EventRounds "7"]
[EventCountry "DEN"]
[SourceTitle "EXT 2006"]
[Source "ChessBase"]
[SourceDate "2005.11.24"]

1. d4 Nf6 2. c4 g6 3. Nc3 d5 4. cxd5 Nxd5 5. e4 Nxc3 6. bxc3 Bg7 7. Bb5+ Bd7 8.
Bxd7+ Qxd7 9. Ba3 O-O 10. Nf3 Nc6 11. O-O Na5 12. Qe2 Rfe8 13. Rab1 b6 14. Rfc1
Qa4 15. Bb4 Nc6 16. d5 Ne5 17. Nxe5 Bxe5 18. Qc2 Qxc2 19. Rxc2 c5 20. Ba3 c4
21. Kf1 Rad8 22. Rb4 1/2-1/2

[Event "Aarhus CC 100 ann op"]
[Site "Aarhus"]
[Date "2003.08.31"]
[Round "3"]
[White "Matthiesen, Martin"]
[Black "Andersen, Jackie"]
[Result "1-0"]
[WhiteElo "2260"]
[BlackElo "2275"]
[PlyCount "57"]
[EventDate "2003.08.??"]
[EventType "swiss"]
[EventRounds "7"]
[EventCountry "DEN"]
[SourceTitle "EXT 2006"]
[Source "ChessBase"]
[SourceDate "2005.11.24"]

1. e4 e5 2. Nf3 Nc6 3. Bb5 Nd4 4. Nxd4 exd4 5. O-O c6 6. Bc4 d6 7. d3 Nf6 8.
Nd2 Be7 9. Nf3 c5 10. e5 dxe5 11. Nxe5 O-O 12. Re1 Nd5 13. Qf3 Be6 14. Bd2 Qd6
15. a3 Rad8 16. Re2 f6 17. Ng4 Bf7 18. h3 a6 19. Rae1 b5 20. Bb3 Rd7 21. Qf5
Qc7 22. Bxd5 Rxd5 23. Nh6+ gxh6 24. Qg4+ Kh8 25. Rxe7 Qc6 26. Bxh6 Rg8 27. Rxf7
Rxg4 28. hxg4 Rd8 29. Ree7 1-0

[Event "Aarhus CC 100 ann op"]
[Site "Aarhus"]
[Date "2003.09.07"]
[Round "7"]
[White "Matthiesen, Martin"]
[Black "Pedersen, Steffen"]
[Result "0-1"]
[WhiteElo "2260"]
[BlackElo "2416"]
[PlyCount "133"]
[EventDate "2003.08.??"]
[EventType "swiss"]
[EventRounds "7"]
[EventCountry "DEN"]
[SourceTitle "EXT 2006"]
[Source "ChessBase"]
[SourceDate "2005.11.24"]

1. e4 c6 2. d4 d5 3. e5 Bf5 4. Nf3 e6 5. Be2 Nd7 6. O-O h6 7. Be3 Ne7 8. b3 Nc8
9. c4 Be7 10. Nc3 O-O 11. Bd3 Bxd3 12. Qxd3 f5 13. exf6 Rxf6 14. Rae1 Bd6 15.
Ne2 Rxf3 16. gxf3 Qh4 17. Ng3 Ne7 18. Kg2 Rf8 19. Bd2 Rf6 20. Re2 Nf8 21. Rfe1
Nf5 22. Re4 dxe4 23. Rxe4 Bxg3 24. Rxh4 Bxh4 25. d5 exd5 26. cxd5 cxd5 27.
Qxd5+ Rf7 28. Qc4 Be7 29. f4 Bd6 30. Qd5 Ng6 31. Qc4 a6 32. a4 Bf8 33. Qe6 Nge7
34. Bc3 Nc6 35. Kh3 Bd6 36. Qe8+ Bf8 37. Qe6 Nfe7 38. Qc4 Nc8 39. b4 Nd6 40.
Qd5 Ne8 41. b5 axb5 42. axb5 Na7 43. Be5 Nc8 44. Qe6 Ncd6 45. f5 Be7 46. f6
gxf6 47. Bf4 Bf8 48. b6 Ng7 49. Qd5 Ngf5 50. Kg2 Kg7 51. Kf1 Re7 52. Qg2+ Kh7
53. Qd5 Re4 54. Bd2 Re5 55. Qa2 Kg7 56. Qa4 Kf7 57. Qd7+ Be7 58. Qc7 Rb5 59.
Bf4 Rb1+ 60. Kg2 Rb4 61. Bg3 Nxg3 62. hxg3 Ke6 63. Qc3 Rb5 64. g4 h5 65. gxh5
Rxh5 66. f4 Rb5 67. Qd4 0-1

[Event "Aarhus CC 100 ann op"]
[Site "Aarhus"]
[Date "2003.09.05"]
[Round "5"]
[White "Nielsen, Anders Bodholt"]
[Black "Lauridsen, Jesper Morch"]
[Result "0-1"]
[WhiteElo "2186"]
[BlackElo "2266"]
[PlyCount "50"]
[EventDate "2003.08.??"]
[EventType "swiss"]
[EventRounds "7"]
[EventCountry "DEN"]
[SourceTitle "EXT 2006"]
[Source "ChessBase"]
[SourceDate "2005.11.24"]

1. d4 Nf6 2. c4 g6 3. Nc3 d5 4. cxd5 Nxd5 5. e4 Nxc3 6. bxc3 Bg7 7. Be3 c5 8.
Qd2 Qa5 9. Rc1 O-O 10. h3 cxd4 11. cxd4 Qxd2+ 12. Kxd2 Rd8 13. Ke1 Nc6 14. d5
Nb4 15. a3 Na2 16. Rc2 Nc3 17. f3 e6 18. Bg5 Rd6 19. Bd2 Nb1 20. Bb4 Rb6 21.
Rc1 exd5 22. Bd3 Nxa3 23. Bc5 Rb3 24. Ke2 Bd7 25. Rd1 Nb5 0-1

[Event "Aarhus CC 100 ann op"]
[Site "Aarhus"]
[Date "2003.08.29"]
[Round "1"]
[White "Nielsen, Anders Bodholt"]
[Black "Hoiberg, Nina"]
[Result "1-0"]
[WhiteElo "2186"]
[BlackElo "2217"]
[PlyCount "137"]
[EventDate "2003.08.??"]
[EventType "swiss"]
[EventRounds "7"]
[EventCountry "DEN"]
[SourceTitle "EXT 2006"]
[Source "ChessBase"]
[SourceDate "2005.11.24"]

1. d4 d6 2. Nf3 Bg4 3. c4 Nf6 4. g3 Qc8 5. h3 Bf5 6. Nc3 Nc6 7. Bg5 Ne4 8. Nxe4
Bxe4 9. Bg2 h6 10. Be3 e5 11. d5 Nb8 12. Nh4 Bh7 13. f4 exf4 14. gxf4 Be7 15.
Qa4+ Qd7 16. Qxd7+ Nxd7 17. Nf3 Nb6 18. Rc1 O-O 19. Kf2 Rfe8 20. Bd4 Nd7 21. e3
Bf6 22. Bxf6 Nxf6 23. Nd2 b6 24. Rc3 a5 25. Re1 Be4 26. Bxe4 Nxe4+ 27. Nxe4
Rxe4 28. Kf3 Rae8 29. Rb1 f5 30. Rg1 Kf7 31. h4 g6 32. b3 Kf6 33. a3 Rg8 34.
Rc2 g5 35. hxg5+ hxg5 36. fxg5+ Rxg5 37. Rxg5 Kxg5 38. a4 Rh4 39. Rg2+ Kf6 40.
Rg8 Ke7 41. Rg7+ Kd8 42. Ke2 f4 43. exf4 Rxf4 44. Ke3 Rh4 45. Kd3 Kc8 46. Rg8+
Kb7 47. Rg7 Rh3+ 48. Kc2 Re3 49. Rg8 Re7 50. Rd8 Rh7 51. Rg8 Rf7 52. Rd8 b5 53.
axb5 Kb6 54. Ra8 Rf2+ 55. Kc3 Rf3+ 56. Kd4 Rf4+ 57. Ke3 Rh4 58. Ra6+ Kb7 59.
Kd3 Rh3+ 60. Kc2 Rh2+ 61. Kb1 Rg2 62. Rxa5 Kb6 63. Ra6+ Kc5 64. Rc6+ Kb4 65.
Rxc7 Kc3 66. c5 dxc5 67. b6 Rb2+ 68. Kc1 Rxb3 69. d6 1-0

[Event "Aarhus CC 100 ann op"]
[Site "Aarhus"]
[Date "2003.08.31"]
[Round "3"]
[White "Nielsen, Anders Bodholt"]
[Black "Hansen, Bjarne"]
[Result "1-0"]
[WhiteElo "2186"]
[BlackElo "2230"]
[PlyCount "124"]
[EventDate "2003.08.??"]
[EventType "swiss"]
[EventRounds "7"]
[EventCountry "DEN"]
[SourceTitle "EXT 2006"]
[Source "ChessBase"]
[SourceDate "2005.11.24"]

1. d4 Nf6 2. c4 c5 3. d5 b5 4. Nf3 g6 5. Qc2 bxc4 6. e4 d6 7. Bxc4 Bg7 8. O-O
O-O 9. Re1 Ng4 10. h3 Ne5 11. Nxe5 Bxe5 12. Be3 Qb6 13. Nc3 Ba6 14. Bxa6 Qxa6
15. Rad1 Nd7 16. f4 Bg7 17. Rd2 Rab8 18. Rde2 Qc4 19. Bd2 Bd4+ 20. Kh1 e6 21.
b3 Qa6 22. f5 exf5 23. exf5 Nf6 24. Bf4 Nh5 25. Bh2 Ng7 26. Ne4 Nxf5 27. g4 Ne7
28. Bxd6 Nxd5 29. Bxb8 Rxb8 30. Ng3 Kg7 31. Qc4 Qxc4 32. bxc4 Nf4 33. Rh2 Rb4
34. Rf1 Be5 35. Rc2 Nxh3 36. Ne4 f5 37. gxf5 gxf5 38. Rxf5 Rb1+ 39. Kg2 Nf4+
40. Kf3 Ng6 41. Rg5 Kh6 42. Kg4 Re1 43. Rh5+ Kg7 44. Nxc5 Re3 45. Rh3 Re1 46.
Nd3 Rg1+ 47. Kf3 Rd1 48. Nxe5 Nxe5+ 49. Ke4 Nc6 50. Rg2+ Kf8 51. Rc2 Kg7 52. c5
Rd4+ 53. Ke3 Rd5 54. Rh4 h5 55. Re4 Kf6 56. Re8 Nb4 57. Rc4 Nc6 58. Rc8 Ne5 59.
Rc3 Ng4+ 60. Kf3 Ne5+ 61. Ke4 Rd7 62. c6 Ke7 1-0

[Event "Aarhus CC 100 ann op"]
[Site "Aarhus"]
[Date "2003.08.29"]
[Round "1"]
[White "Nielsen, Steffen"]
[Black "Matthiesen, Arne"]
[Result "0-1"]
[WhiteElo "2145"]
[BlackElo "2282"]
[PlyCount "76"]
[EventDate "2003.08.??"]
[EventType "swiss"]
[EventRounds "7"]
[EventCountry "DEN"]
[SourceTitle "EXT 2006"]
[Source "ChessBase"]
[SourceDate "2005.11.24"]

1. e4 e6 2. d3 b5 3. Nf3 c5 4. g3 Bb7 5. Bg2 d6 6. O-O Nf6 7. Re1 Be7 8. a4 a6
9. Na3 Nbd7 10. axb5 axb5 11. Bf4 e5 12. Bd2 Bc6 13. Nh4 O-O 14. Nf5 Re8 15.
Qe2 Ra4 16. g4 Nf8 17. g5 N6d7 18. Qg4 Ne6 19. h4 Bf8 20. c3 g6 21. Ng3 Nb6 22.
b3 Ra8 23. Nc2 Bg7 24. Qf3 d5 25. Qg4 Nf4 26. Bxf4 exf4 27. Ne2 dxe4 28. Bxe4
Bxe4 29. dxe4 Rxa1 30. Rxa1 Qd3 31. Ra2 Qd1+ 32. Kg2 Rxe4 33. Ne3 Qb1 34. Ra6
fxe3 35. Qf3 exf2 36. Kxf2 Re6 37. Nf4 Qc2+ 38. Kf1 Rd6 0-1

[Event "Aarhus CC 100 ann op"]
[Site "Aarhus"]
[Date "2003.08.31"]
[Round "3"]
[White "Nielsen, Steffen"]
[Black "Hoiberg, Nina"]
[Result "1-0"]
[WhiteElo "2145"]
[BlackElo "2217"]
[PlyCount "115"]
[EventDate "2003.08.??"]
[EventType "swiss"]
[EventRounds "7"]
[EventCountry "DEN"]
[SourceTitle "EXT 2006"]
[Source "ChessBase"]
[SourceDate "2005.11.24"]

1. e4 e5 2. Nf3 Nc6 3. Bc4 Nf6 4. d4 exd4 5. O-O d6 6. Nxd4 Be7 7. Nc3 O-O 8.
Re1 Bg4 9. f3 Bh5 10. Nf5 Ne5 11. Bb3 c6 12. Bg5 h6 13. Bh4 Qc7 14. Qd2 Kh7 15.
Qf2 g5 16. Bg3 Rfe8 17. Rad1 Bf8 18. Rd2 b6 19. Red1 Rad8 20. Qf1 Bg6 21. Nd4
Nh5 22. Bf2 Nf4 23. Nce2 Ne6 24. a3 b5 25. Ng3 Nxd4 26. Bxd4 Bg7 27. Qf2 c5 28.
Be3 Nc6 29. c3 a5 30. Bd5 Ne7 31. Qe2 Qb8 32. Kh1 b4 33. Qc4 Nxd5 34. Rxd5 f5
35. exf5 Bf7 36. Qd3 c4 37. Qb1 Rxe3 38. f6+ Bg6 39. Qc1 Rde8 40. fxg7 bxc3 41.
bxc3 Qb7 42. Ne4 R3xe4 43. fxe4 Bxe4 44. Rxd6 Bxg2+ 45. Kg1 Be4 46. g8=Q+ Kxg8
47. Rxh6 Qg7 48. Rh5 Bg6 49. Rxg5 Qf6 50. Qd2 Kh7 51. Qg2 Qxc3 52. Qf2 Qe3 53.
Rd7+ Kh6 54. Qxe3 Rxe3 55. Rxa5 c3 56. Rc7 c2 57. Kf2 Rh3 58. a4 1-0

[Event "Aarhus CC 100 ann op"]
[Site "Aarhus"]
[Date "2003.09.07"]
[Round "7"]
[White "Nielsen, Steffen"]
[Black "Poulsen, Iver"]
[Result "1/2-1/2"]
[WhiteElo "2145"]
[BlackElo "2084"]
[PlyCount "67"]
[EventDate "2003.08.??"]
[EventType "swiss"]
[EventRounds "7"]
[EventCountry "DEN"]
[SourceTitle "EXT 2006"]
[Source "ChessBase"]
[SourceDate "2005.11.24"]

1. e4 c5 2. Nf3 Nc6 3. d3 e6 4. g3 d5 5. Nbd2 Bd6 6. Bg2 Nge7 7. O-O O-O 8. Re1
Qc7 9. Qe2 f6 10. c3 d4 11. cxd4 cxd4 12. Bh3 e5 13. Bxc8 Qxc8 14. Nf1 Qe6 15.
Nh4 Rfc8 16. Bd2 Rc7 17. Rec1 Rac8 18. Qh5 g6 19. Qf3 Kg7 20. g4 Bb4 21. a3
Bxd2 22. Nxd2 Na5 23. Rxc7 Rxc7 24. Qd1 b6 25. h3 Qc8 26. Kg2 Rc2 27. Rb1 Rc7
28. Ndf3 h6 29. Nd2 Nb7 30. Kg1 Nd6 31. Nb3 Qa6 32. Rc1 Rxc1 33. Nxc1 Nb7 34.
Qc2 1/2-1/2

[Event "Aarhus CC 100 ann op"]
[Site "Aarhus"]
[Date "2003.09.06"]
[Round "6"]
[White "Nielsen, Steffen"]
[Black "Jacobsen, Bo"]
[Result "0-1"]
[WhiteElo "2145"]
[BlackElo "2234"]
[PlyCount "36"]
[EventDate "2003.08.??"]
[EventType "swiss"]
[EventRounds "7"]
[EventCountry "DEN"]
[SourceTitle "EXT 2006"]
[Source "ChessBase"]
[SourceDate "2005.11.24"]

1. e4 g6 2. d4 Bg7 3. Nc3 c6 4. f4 d5 5. e5 h5 6. Nf3 Nh6 7. Be2 Nd7 8. O-O Nf8
9. Na4 Bf5 10. b3 Ne6 11. Nh4 Be4 12. Be3 Qa5 13. Bd2 Qc7 14. Be3 Rd8 15. Bxh5
b5 16. Nc3 gxh5 17. f5 Ng4 18. Bc1 Nxd4 0-1

[Event "Aarhus CC 100 ann op"]
[Site "Aarhus"]
[Date "2003.09.05"]
[Round "5"]
[White "Pedersen, Steffen"]
[Black "Skytte, Rasmus"]
[Result "1/2-1/2"]
[WhiteElo "2416"]
[BlackElo "2404"]
[PlyCount "37"]
[EventDate "2003.08.??"]
[EventType "swiss"]
[EventRounds "7"]
[EventCountry "DEN"]
[SourceTitle "EXT 2006"]
[Source "ChessBase"]
[SourceDate "2005.11.24"]

1. d4 d5 2. c4 dxc4 3. Nf3 Nf6 4. e3 e6 5. Bxc4 c5 6. O-O cxd4 7. exd4 Nc6 8.
Nc3 Be7 9. Re1 O-O 10. Bg5 b6 11. Qe2 Nxd4 12. Nxd4 Qxd4 13. Nb5 Qc5 14. Be3
Qc6 15. Nd4 Qb7 16. Bg5 Bd7 17. Rad1 Rfe8 18. Nf3 Bc6 19. Ne5 1/2-1/2

[Event "Aarhus CC 100 ann op"]
[Site "Aarhus"]
[Date "2003.09.06"]
[Round "6"]
[White "Pedersen, Steffen"]
[Black "Rasmussen, Karsten"]
[Result "1-0"]
[WhiteElo "2416"]
[BlackElo "2437"]
[PlyCount "125"]
[EventDate "2003.08.??"]
[EventType "swiss"]
[EventRounds "7"]
[EventCountry "DEN"]
[SourceTitle "EXT 2006"]
[Source "ChessBase"]
[SourceDate "2005.11.24"]

1. d4 d5 2. c4 c6 3. Nf3 Nf6 4. e3 Bf5 5. Nc3 e6 6. Nh4 Be4 7. f3 Bg6 8. Qb3
Qc7 9. Bd2 Nbd7 10. cxd5 exd5 11. O-O-O Qb6 12. Qxb6 Nxb6 13. Nxg6 hxg6 14. Kb1
O-O-O 15. Bc1 Bd6 16. h3 Rhe8 17. Bd3 Bg3 18. Rhf1 Re7 19. b3 Kb8 20. Bc2 Bd6
21. a3 Nh5 22. g4 Ng3 23. Rg1 f5 24. e4 fxe4 25. Bg5 Rde8 26. Bh4 exf3 27. Bxg3
Bxg3 28. Rxg3 f2 29. Bd3 Re3 30. Rxe3 Rxe3 31. Kc2 Rxh3 32. Rf1 Rf3 33. Bxg6
Nd7 34. Nd1 Nf8 35. Bf5 g6 36. Bd3 Ne6 37. Rxf2 Nxd4+ 38. Kc3 Nb5+ 39. Kd2
Rxf2+ 40. Nxf2 Nxa3 41. Bxg6 Kc7 42. Bd3 c5 43. Kc3 a6 44. Kb2 Nb5 45. Bxb5
axb5 46. g5 Kd6 47. g6 Ke7 48. Nd3 c4 49. Nf4 d4 50. Nd5+ Kf8 51. b4 Kg7 52.
Nc7 Kxg6 53. Nxb5 d3 54. Kc3 Kf5 55. Nd6+ Kf4 56. Nxc4 Ke4 57. Nb2 d2 58. Kxd2
Kd4 59. Kc2 Kd5 60. Kc3 b6 61. Nd3 b5 62. Nc5 Ke5 63. Nb3 1-0

[Event "Aarhus CC 100 ann op"]
[Site "Aarhus"]
[Date "2003.08.31"]
[Round "3"]
[White "Pedersen, Steffen"]
[Black "Poulsen, Iver"]
[Result "1/2-1/2"]
[WhiteElo "2416"]
[BlackElo "2084"]
[PlyCount "95"]
[EventDate "2003.08.??"]
[EventType "swiss"]
[EventRounds "7"]
[EventCountry "DEN"]
[SourceTitle "EXT 2006"]
[Source "ChessBase"]
[SourceDate "2005.11.24"]

1. d4 d5 2. c4 e6 3. Nf3 f5 4. Qc2 Nf6 5. Nc3 Be7 6. Bf4 c6 7. e3 O-O 8. Bd3
Ne4 9. h3 Nd7 10. g4 Ndf6 11. Ne5 Qa5 12. f3 Nxc3 13. bxc3 Nd7 14. Rb1 Nxe5 15.
Bxe5 g6 16. O-O b6 17. e4 Bd7 18. Rbe1 Bh4 19. Rb1 Be7 20. Kg2 dxe4 21. fxe4
fxg4 22. hxg4 Rxf1 23. Rxf1 Rf8 24. Rh1 Rf7 25. Kg3 Bf8 26. Qb3 Qa6 27. Kg2 Qc8
28. Qc2 Qd8 29. Qd2 Qe7 30. Rh2 Bg7 31. Bxg7 Rxg7 32. e5 Bc8 33. Kg3 Bb7 34.
Be4 Rf7 35. Qe3 Rf8 36. Rf2 Rxf2 37. Qxf2 Qg5 38. Qf3 Qd2 39. Kh3 Qh6+ 40. Kg3
Qd2 41. Bxc6 Bxc6 42. Qxc6 Qxc3+ 43. Kh4 Qxd4 44. Qxe6+ Kf8 45. Qf6+ Kg8 46.
Qe6+ Kf8 47. Qf6+ Kg8 48. Qe6+ 1/2-1/2